[Event "4NCL Division 1a"]
[Site "Hinckley Island ENG"]
[Date "2013.11.16"]
[Round "1.111"]
[White "Sadler, Matthew D"]
[Black "Ghasi, Ameet K"]
[Result "1-0"]
[WhiteElo "2646"]
[BlackElo "2466"]
[PlyCount "75"]
[EventDate "2013.11.16"]
[WhiteTeam "Guildford 1"]
[BlackTeam "Grantham Sharks 1"]

1. d4 Nf6 2. c4 c6 3. Nc3 d5 4. e3 a6 5. Nf3 b5 6. b3 Bg4 7. Bd2 Nbd7 8. h3
Bxf3 9. Qxf3 b4 10. Na4 e5 11. Qd1 exd4 12. exd4 Ne4 13. g3 Qf6 14. Be3 Qe6 15.
Qf3 Bd6 16. Bg2 O-O 17. O-O f5 18. cxd5 cxd5 19. Rac1 Rac8 20. Rfe1 Be7 21. Qd1
Qf6 22. Nc5 Ndxc5 23. dxc5 Rfd8 24. Bd4 Qf7 25. c6 Bg5 26. Rc2 Rd6 27. c7 Rd7
28. h4 Be7 29. Be5 Qe6 30. Bf4 Bd6 31. Rc6 Rcxc7 32. Rxa6 h6 33. Rxd6 Rxd6 34.
f3 Rc3 35. fxe4 fxe4 36. Bxe4 Qf6 37. Bxd5+ Kh8 38. Re8+ 1-0

[Event "4NCL Division 1a"]
[Site "Hinckley Island ENG"]
[Date "2013.11.16"]
[Round "1.112"]
[White "Grund, Holger"]
[Black "Hansen, Eric"]
[Result "1-0"]
[WhiteElo "2426"]
[BlackElo "2547"]
[PlyCount "91"]
[EventDate "2013.11.16"]
[WhiteTeam "Grantham Sharks 1"]
[BlackTeam "Guildford 1"]

1. e4 c5 2. Nf3 e6 3. c3 Nf6 4. e5 Nd5 5. d4 cxd4 6. cxd4 d6 7. a3 Nd7 8. Bd3
dxe5 9. dxe5 Be7 10. O-O b6 11. Qa4 O-O 12. Qg4 g6 13. Bh6 Re8 14. Nbd2 Nc5 15.
Bc4 a5 16. Rfd1 Ba6 17. Bg5 h5 18. Qh4 b5 19. Ba2 Bb7 20. b4 axb4 21. axb4 Bxg5
22. Nxg5 Nd3 23. Nde4 Nxe5 24. Qg3 Ng4 25. h3 Ngf6 26. Nxf7 Kxf7 27. Nd6+ Kg7
28. Bb1 Qxd6 29. Qxd6 Rxa1 30. Qe5 Raa8 31. g4 hxg4 32. hxg4 Kf7 33. g5 Nd7 34.
Qe4 Nf8 35. Rd3 Rac8 36. Kh2 Rc4 37. Rf3+ Kg8 38. Qe5 Rh4+ 39. Kg3 Rh1 40.
Rxf8+ Kxf8 41. Bxg6 Ra8 42. Be4 Re1 43. Qd6+ Ne7 44. Bxb7 Ra3+ 45. Kh2 Kf7 46.
Qd4 1-0

[Event "4NCL Division 1a"]
[Site "Hinckley Island ENG"]
[Date "2013.11.16"]
[Round "1.113"]
[White "Le Roux, Jean-Pierre"]
[Black "Rendle, Thomas E"]
[Result "1-0"]
[WhiteElo "2571"]
[BlackElo "2384"]
[PlyCount "35"]
[EventDate "2013.11.16"]
[WhiteTeam "Guildford 1"]
[BlackTeam "Grantham Sharks 1"]

1. Nf3 f5 2. d3 d6 3. e4 e5 4. Nc3 c5 5. g3 Nc6 6. Nh4 Nd4 7. Nd5 fxe4 8. dxe4
Be6 9. Bc4 b5 10. Bf1 a6 11. a4 b4 12. c3 Nc6 13. Bc4 Bf7 14. a5 Ra7 15. Qa4
Qd7 16. Nb6 Qc7 17. Bd5 Nge7 18. Bg5 1-0

[Event "4NCL Division 1a"]
[Site "Hinckley Island ENG"]
[Date "2013.11.16"]
[Round "1.114"]
[White "Roberson, Peter T"]
[Black "Hebden, Mark L"]
[Result "1/2-1/2"]
[WhiteElo "2374"]
[BlackElo "2556"]
[PlyCount "126"]
[EventDate "2013.11.16"]
[WhiteTeam "Grantham Sharks 1"]
[BlackTeam "Guildford 1"]

1. e4 e5 2. Nf3 Nc6 3. Bb5 a6 4. Ba4 Nf6 5. O-O Be7 6. Re1 b5 7. Bb3 d6 8. c3
O-O 9. h3 Na5 10. Bc2 c5 11. d4 Qc7 12. Nbd2 Be6 13. d5 Bd7 14. Nf1 c4 15. b4
cxb3 16. axb3 Nb7 17. Bb2 Nc5 18. Qd2 Rfc8 19. Ng3 a5 20. Rec1 Qb6 21. b4 axb4
22. cxb4 Na4 23. Bd3 Nxb2 24. Qxb2 Bd8 25. Ne2 g6 26. Rxa8 Rxa8 27. Ra1 Rb8 28.
Qa3 Kf8 29. Qa7 Qxa7 30. Rxa7 Bb6 31. Ra3 Ne8 32. Nc3 Nc7 33. Kf1 Ke7 34. Ke2
f5 35. Nd2 Bd4 36. Nf3 Bxc3 37. Rxc3 Na6 38. Rb3 Rc8 39. Nd2 Rc1 40. f3 Ra1 41.
Nb1 Ra2+ 42. Kf1 Nc7 43. Nc3 Ra1+ 44. Nb1 Ra2 45. Nc3 Ra8 46. Nb1 Rf8 47. Ke2
Kd8 48. Na3 Kc8 49. Nc2 Kb7 50. Ra3 Kb6 51. Ra1 Na6 52. Ke3 f4+ 53. Kd2 g5 54.
Be2 h5 55. Rh1 Rg8 56. Bd3 Nc7 57. Be2 Ne8 58. Ra1 Rh8 59. Ra8 Kb7 60. Rd8 Kc7
61. Ra8 Kb7 62. Rd8 Kc7 63. Ra8 Kb7 1/2-1/2

[Event "4NCL Division 1a"]
[Site "Hinckley Island ENG"]
[Date "2013.11.16"]
[Round "1.115"]
[White "Smerdon, David"]
[Black "Sreeves, Clement"]
[Result "1/2-1/2"]
[WhiteElo "2523"]
[BlackElo "2244"]
[PlyCount "171"]
[EventDate "2013.11.16"]
[WhiteTeam "Guildford 1"]
[BlackTeam "Grantham Sharks 1"]

1. e4 e5 2. Nf3 Nc6 3. Bc4 Bc5 4. O-O d6 5. c3 Nf6 6. d4 Bb6 7. dxe5 dxe5 8.
Qxd8+ Nxd8 9. Re1 O-O 10. Nxe5 Re8 11. Bf4 Nh5 12. Nd3 Nxf4 13. Nxf4 Ne6 14.
Nxe6 Bxe6 15. Na3 Bc5 16. b4 Bf8 17. Bxe6 Rxe6 18. Nb5 Rc6 19. Rac1 a5 20. a3
Rc4 21. e5 Ra6 22. Red1 Re6 23. Rd4 Rec6 24. Rcd1 g6 25. f4 Be7 26. Rxc4 Rxc4
27. Rd7 c6 28. Rxe7 cxb5 29. Rxb7 a4 30. Rxb5 Rxc3 31. Ra5 Rxa3 32. Kf2 h5 33.
Ra7 Ra2+ 34. Kg3 a3 35. f5 gxf5 36. b5 Rb2 37. Rxa3 Rxb5 38. Kf4 f6 39. Kxf5
Rxe5+ 40. Kxf6 Re2 41. Rg3+ Kh7 42. Kg5 Re5+ 43. Kf4 Ra5 44. Re3 Ra2 45. Kf3
Kg6 46. h3 Ra4 47. Re4 Ra2 48. Kg3 Rb2 49. Ra4 Rc2 50. Ra6+ Kf5 51. Ra5+ Kg6
52. Re5 Ra2 53. Kf3 Rb2 54. Re8 Ra2 55. Rd8 Ra3+ 56. Kf4 Ra4+ 57. Ke5 Ra5+ 58.
Rd5 Ra2 59. g3 h4 60. g4 Ra3 61. Kf4 Rxh3 62. Rd6+ Kg7 63. Kg5 Ra3 64. Rd7+ Kg8
65. Kxh4 Ra6 66. Kg5 Ra5+ 67. Kh6 Ra6+ 68. Kh5 Ra5+ 69. g5 Ra6 70. Re7 Rb6 71.
Kg4 Ra6 72. Kf5 Rb6 73. Re4 Ra6 74. Rh4 Rb6 75. Rf4 Kg7 76. Ra4 Rc6 77. Ra7+
Kg8 78. Kg4 Rb6 79. Kh5 Rc6 80. Ra4 Kg7 81. Ra5 Rb6 82. g6 Rb1 83. Ra7+ Kg8 84.
Ra8+ Kg7 85. Ra7+ Kg8 86. Ra8+ 1/2-1/2

[Event "4NCL Division 1a"]
[Site "Hinckley Island ENG"]
[Date "2013.11.16"]
[Round "1.116"]
[White "MacQueen, Calum"]
[Black "Sarakauskas, Gediminas"]
[Result "0-1"]
[WhiteElo "2246"]
[BlackElo "2394"]
[PlyCount "68"]
[EventDate "2013.11.16"]
[WhiteTeam "Grantham Sharks 1"]
[BlackTeam "Guildford 1"]

1. d4 d6 2. Nf3 Bg4 3. c4 c6 4. Nc3 Nd7 5. g3 Ngf6 6. Bg2 e5 7. O-O Be7 8. b3
O-O 9. Bb2 e4 10. Nd2 d5 11. f3 exf3 12. Nxf3 Bd6 13. cxd5 cxd5 14. Nb5 Bb8 15.
Ba3 Re8 16. Nd6 Bxd6 17. Bxd6 Ne4 18. Bb4 Qb6 19. Be1 Rac8 20. Kh1 Qh6 21. Qd3
a6 22. Kg1 Re6 23. Nh4 Ng5 24. Nf5 Qh5 25. Bxd5 Bxe2 26. Bxe6 Bxd3 27. Ne7+ Kf8
28. Nxc8 Nxe6 29. Bb4+ Kg8 30. Rfe1 Nf6 31. Rad1 Qf3 32. Ne7+ Kh8 33. d5 Be4
34. Rxe4 Qxd1+ 0-1

[Event "4NCL Division 1a"]
[Site "Hinckley Island ENG"]
[Date "2013.11.16"]
[Round "1.117"]
[White "Suarez Real, Alberto"]
[Black "Purton, Ben J"]
[Result "1-0"]
[WhiteElo "2397"]
[BlackElo "2146"]
[PlyCount "97"]
[EventDate "2013.11.16"]
[WhiteTeam "Guildford 1"]
[BlackTeam "Grantham Sharks 1"]

1. e4 e5 2. Nf3 Nc6 3. Nc3 Nf6 4. g3 Bc5 5. Bg2 d6 6. d3 a6 7. Be3 Bxe3 8. fxe3
Bg4 9. h3 Bxf3 10. Qxf3 Ne7 11. g4 c6 12. O-O-O Nd7 13. g5 Rf8 14. Qh5 Ng8 15.
h4 h6 16. gxh6 Ndf6 17. Qg5 gxh6 18. Qg7 Nh5 19. Qg4 Ngf6 20. Qf3 Rg8 21. Bh3
Rg3 22. Qf2 Qb6 23. d4 Ke7 24. Ne2 Rg6 25. Rhf1 Rf8 26. Qf5 Ng7 27. Qf3 Ngh5
28. Rf2 Qa5 29. Kb1 Rd8 30. Qf5 Ng7 31. Qf3 Ngh5 32. Rdf1 Rf8 33. Qf5 Ng7 34.
Qf3 Ngh5 35. Bf5 Rg7 36. Nc1 Rg3 37. Qe2 Rfg8 38. Nb3 Qb6 39. Qe1 Qb5 40. a3
Qb6 41. dxe5 dxe5 42. Qc3 Qc7 43. Qb4+ Ke8 44. Nc5 a5 45. Qxb7 Qxb7 46. Nxb7
Rxe3 47. Nd6+ Ke7 48. Nc4 Reg3 49. Nxe5 1-0

[Event "4NCL Division 1a"]
[Site "Hinckley Island ENG"]
[Date "2013.11.16"]
[Round "1.118"]
[White "Foisor, Veronica"]
[Black "Flear, Christine"]
[Result "1/2-1/2"]
[WhiteElo "2222"]
[BlackElo "2173"]
[PlyCount "42"]
[EventDate "2013.11.16"]
[WhiteTeam "Grantham Sharks 1"]
[BlackTeam "Guildford 1"]

1. d4 d5 2. c4 e6 3. Nc3 Be7 4. Nf3 Nf6 5. cxd5 exd5 6. Bg5 c6 7. Qc2 g6 8. e3
Bf5 9. Qb3 Qb6 10. Ne5 Qxb3 11. axb3 h6 12. Bxf6 Bxf6 13. b4 Nd7 14. Nxd7 Kxd7
15. b5 Kd6 16. bxc6 bxc6 17. Kd2 Rhb8 18. Ra2 a5 19. Na4 Kc7 20. Bd3 Bxd3 21.
Kxd3 Be7 1/2-1/2

[Event "4NCL Division 1a"]
[Site "Hinckley Island ENG"]
[Date "2013.11.16"]
[Round "1.121"]
[White "Snuverink, Jochem"]
[Black "Emms, John M"]
[Result "1/2-1/2"]
[WhiteElo "2361"]
[BlackElo "2441"]
[PlyCount "67"]
[EventDate "2013.11.16"]
[WhiteTeam "Kings Head 1"]
[BlackTeam "Wood Green HK 2"]

1. e4 c5 2. Nf3 Nc6 3. d4 cxd4 4. Nxd4 e6 5. Nc3 Qc7 6. g4 a6 7. Bg2 Nge7 8.
O-O Nxd4 9. Qxd4 Ng6 10. Kh1 f6 11. f4 Bc5 12. Qd3 O-O 13. Qh3 b5 14. f5 Ne5
15. g5 Be7 16. gxf6 Bxf6 17. Bf4 b4 18. Ne2 exf5 19. Nd4 Kh8 20. Rad1 Rb8 21.
Nxf5 d6 22. Qg3 Bxf5 23. exf5 Rfd8 24. Rf2 Rb5 25. Bg5 Rc5 26. Bxf6 gxf6 27.
Bd5 Rxd5 28. Rxd5 Rg8 29. Qh4 Qg7 30. Qg3 Qh6 31. Qf4 Qg7 32. Qg3 Qh6 33. Qf4
Qg7 34. Qg3 1/2-1/2

[Event "4NCL Division 1a"]
[Site "Hinckley Island ENG"]
[Date "2013.11.16"]
[Round "1.122"]
[White "Pert, Richard G"]
[Black "Guthrie, David W"]
[Result "1-0"]
[WhiteElo "2434"]
[BlackElo "2194"]
[PlyCount "79"]
[EventDate "2013.11.16"]
[WhiteTeam "Wood Green HK 2"]
[BlackTeam "Kings Head 1"]

1. d4 Nf6 2. Bg5 Ne4 3. Bf4 d5 4. e3 c5 5. Bd3 Nf6 6. c3 Nc6 7. Nd2 Bg4 8. Ngf3
e6 9. O-O Rc8 10. Qa4 Nd7 11. Ne5 Ndxe5 12. Bxe5 Qd7 13. Bg3 Bh5 14. dxc5 Bxc5
15. Qh4 Bg6 16. Bxg6 fxg6 17. Nf3 O-O 18. e4 h6 19. Rad1 Qf7 20. Qg4 h5 21. Qh3
dxe4 22. Ng5 Qf5 23. Nxe6 Qxh3 24. gxh3 Rf5 25. Rd7 Bb6 26. Rxg7+ Kh8 27. Rxg6
Re8 28. Ng7 Kh7 29. Nxe8 Kxg6 30. Nd6 Ra5 31. a3 h4 32. Bxh4 Ne5 33. Bg3 Nf3+
34. Kg2 Nd2 35. Rd1 e3 36. fxe3 Bxe3 37. Re1 Bg5 38. h4 Bd8 39. Nxb7 Rd5 40.
Nxd8 1-0

[Event "4NCL Division 1a"]
[Site "Hinckley Island ENG"]
[Date "2013.11.16"]
[Round "1.123"]
[White "McMichael, Richard J"]
[Black "Shaw, John K"]
[Result "0-1"]
[WhiteElo "2224"]
[BlackElo "2422"]
[PlyCount "86"]
[EventDate "2013.11.16"]
[WhiteTeam "Kings Head 1"]
[BlackTeam "Wood Green HK 2"]

1. f4 c5 2. b3 Nc6 3. Bb2 Nf6 4. Nf3 g6 5. e4 Bg7 6. Bb5 O-O 7. Bxc6 bxc6 8. d3
Qc7 9. g3 d6 10. Qe2 Bh3 11. Nbd2 Qa5 12. Kd1 Bg4 13. Nc4 Qc7 14. h3 Bxf3 15.
Qxf3 d5 16. Be5 Qd7 17. Nd2 Rfd8 18. Ke2 c4 19. Rad1 cxd3+ 20. cxd3 Qb7 21. Rc1
Qa6 22. Rc2 dxe4 23. Nxe4 Nxe4 24. Qxe4 Bxe5 25. fxe5 Rd5 26. Re1 Rad8 27. e6
f5 28. Qc4 Qxc4 29. dxc4 Re5+ 30. Kf2 Rxe1 31. Kxe1 Rd6 32. Re2 Kg7 33. c5 Rd5
34. b4 Kf6 35. Kf2 Re5 36. Rc2 Kxe6 37. b5 Kd7 38. a4 Re4 39. Ra2 Kc7 40. Kf3
e5 41. g4 Rc4 42. gxf5 gxf5 43. bxc6 Kxc6 0-1

[Event "4NCL Division 1a"]
[Site "Hinckley Island ENG"]
[Date "2013.11.16"]
[Round "1.124"]
[White "McDonald, Neil R"]
[Black "Kwiatkowski, Feliks J"]
[Result "1-0"]
[WhiteElo "2419"]
[BlackElo "2215"]
[PlyCount "91"]
[EventDate "2013.11.16"]
[WhiteTeam "Wood Green HK 2"]
[BlackTeam "Kings Head 1"]

1. e4 c5 2. Nf3 Nc6 3. d4 cxd4 4. Nxd4 Nf6 5. Nc3 e5 6. Ndb5 d6 7. Bg5 a6 8.
Na3 b5 9. Nd5 Be7 10. Bxf6 Bxf6 11. c4 b4 12. Nc2 O-O 13. Be2 a5 14. O-O Bg5
15. Qd3 Be6 16. Rfd1 Bxd5 17. cxd5 Nb8 18. Ne3 Nd7 19. Nc4 Nc5 20. Qc2 g6 21.
Nxe5 Qe7 22. Nc4 Nxe4 23. Re1 Nc5 24. g3 Qc7 25. h4 Bh6 26. Bf1 Rfe8 27. h5 a4
28. Qd1 Rxe1 29. Qxe1 Rb8 30. Qe2 Kf8 31. Re1 Bg7 32. Qd2 gxh5 33. Qg5 Qd8 34.
Qxh5 h6 35. Qf5 Qf6 36. Qb1 Qg6 37. Qc1 Qg5 38. Nxd6 Qxd5 39. Nxf7 Rc8 40. Nxh6
Qd4 41. Nf5 Qxb2 42. Qe3 Qf6 43. Bh3 Nd7 44. Nxg7 Qxg7 45. Qf4+ Kg8 46. Be6+
1-0

[Event "4NCL Division 1a"]
[Site "Hinckley Island ENG"]
[Date "2013.11.16"]
[Round "1.125"]
[White "Haria, Ravi"]
[Black "Pein, Malcolm"]
[Result "1-0"]
[WhiteElo "2151"]
[BlackElo "2371"]
[PlyCount "46"]
[EventDate "2013.11.16"]
[WhiteTeam "Kings Head 1"]
[BlackTeam "Wood Green HK 2"]

1. e4 d6 2. d4 Nf6 3. Nc3 g6 4. f4 Bg7 5. Nf3 Nc6 6. d5 Nb8 7. Bc4 O-O 8. O-O
c6 9. a4 b5 10. axb5 cxb5 11. Nxb5 Nxe4 12. Qe2 Nf6 13. Bd2 Nbd7 14. Nxa7 Bb7
15. Ba5 Qb8 16. Nc6 Bxc6 17. dxc6 Rxa5 18. Rxa5 Qb6+ 19. Kh1 Qxa5 20. cxd7 e6
21. Bxe6 fxe6 22. Qxe6+ Kh8 23. Qxd6 Qf5 1-0

[Event "4NCL Division 1a"]
[Site "Hinckley Island ENG"]
[Date "2013.11.16"]
[Round "1.126"]
[White "Arvola, Benjamin"]
[Black "Okike, David C"]
[Result "1-0"]
[WhiteElo "2309"]
[BlackElo "2152"]
[PlyCount "91"]
[EventDate "2013.11.16"]
[WhiteTeam "Wood Green HK 2"]
[BlackTeam "Kings Head 1"]

1. d4 Nf6 2. c4 e6 3. Nc3 Bb4 4. e3 b6 5. Nge2 Bb7 6. a3 Be7 7. Nf4 d5 8. Qf3
c6 9. cxd5 exd5 10. g4 h6 11. h4 Bd6 12. g5 Nfd7 13. Nh5 Bf8 14. e4 Qe7 15. Be2
g6 16. Nf6+ Nxf6 17. gxf6 Qe6 18. e5 Ba6 19. h5 Bxe2 20. Nxe2 g5 21. Qd3 a6 22.
f4 c5 23. f5 Qc6 24. Nc3 Nd7 25. Be3 c4 26. Qe2 O-O-O 27. Qf3 Kb7 28. O-O Nxe5
29. dxe5 d4 30. e6 Bc5 31. Ne4 dxe3 32. Nxc5+ bxc5 33. Rae1 Rd3 34. Rxe3 Rxe3
35. Qxe3 Re8 36. Qf3 Kc7 37. Qxc6+ Kxc6 38. Rd1 a5 39. Kf2 Rb8 40. Kf3 Re8 41.
Ke4 g4 42. Ke5 g3 43. Rg1 Rg8 44. exf7 Rf8 45. Ke6 Rd8 46. Ke7 1-0

[Event "4NCL Division 1a"]
[Site "Hinckley Island ENG"]
[Date "2013.11.16"]
[Round "1.127"]
[White "Balaji, Ananthanarayanan"]
[Black "Hegarty, Sarah N"]
[Result "1/2-1/2"]
[WhiteElo "1965"]
[BlackElo "2132"]
[PlyCount "109"]
[EventDate "2013.11.16"]
[WhiteTeam "Kings Head 1"]
[BlackTeam "Wood Green HK 2"]

1. Nf3 d5 2. d4 e6 3. c4 c6 4. g3 dxc4 5. Bg2 b5 6. O-O Bb7 7. a4 Nf6 8. Ne5
Qc7 9. Nc3 a6 10. axb5 cxb5 11. Nxb5 axb5 12. Rxa8 Bxg2 13. Rxb8+ Qxb8 14. Kxg2
Bd6 15. Nf3 O-O 16. Bg5 Ne4 17. d5 h6 18. Be3 e5 19. Nh4 Rd8 20. f3 Nf6 21. Bc1
Qa8 22. e4 Qa2 23. Rf2 Bc5 24. Rd2 Be3 25. Rc2 Qb1 26. Nf5 Bd4 27. Nxg7 b4 28.
Rxc4 Nxe4 29. fxe4 Qxe4+ 30. Qf3 Qxf3+ 31. Kxf3 Kxg7 32. Rxb4 Rxd5 33. Be3 Bxe3
34. Kxe3 Rd1 35. Ke4 Re1+ 36. Kf5 Re2 37. h4 e4 38. Kf4 Kg6 39. b3 e3 40. Rd4
Rf2+ 41. Kxe3 Rb2 42. Rb4 h5 43. Rb5 f6 44. b4 Rg2 45. Kf3 Rb2 46. g4 hxg4+ 47.
Kxg4 Rg2+ 48. Kf4 Rf2+ 49. Kg3 Rb2 50. h5+ Kh6 51. Kf4 Rh2 52. Kg4 Rg2+ 53. Kf4
Rh2 54. Rf5 Rh4+ 55. Kg3 1/2-1/2

[Event "4NCL Division 1a"]
[Site "Hinckley Island ENG"]
[Date "2013.11.16"]
[Round "1.128"]
[White "Maduekwe, Chiedu U"]
[Black "Needham, Sabrina"]
[Result "1-0"]
[WhiteElo "2131"]
[BlackElo "1721"]
[PlyCount "97"]
[EventDate "2013.11.16"]
[WhiteTeam "Wood Green HK 2"]
[BlackTeam "Kings Head 1"]

1. d4 Nf6 2. c4 e6 3. Nc3 b6 4. e4 Bb7 5. Bd3 d6 6. Nf3 Be7 7. O-O Nc6 8. Re1
O-O 9. a3 e5 10. d5 Nb8 11. b4 c6 12. Bb2 Qd7 13. Ne2 Nh5 14. Qd2 Qg4 15. h3
Qg6 16. Kh2 Nd7 17. Qe3 h6 18. g4 Nhf6 19. Ng3 Nh7 20. Nf5 Bg5 21. Nxg5 Qxg5
22. Nxd6 Qe7 23. Nxb7 cxd5 24. exd5 Ndf6 25. Nc5 bxc5 26. Qxc5 Nxg4+ 27. hxg4
Qh4+ 28. Kg2 Qxg4+ 29. Kf1 Qh3+ 30. Ke2 Ng5 31. Qe3 Qh5+ 32. Kd2 e4 33. Be2 Qg6
34. Rg1 f5 35. f4 exf3 36. Bxf3 Rae8 37. Qd3 Qd6 38. Raf1 Qf4+ 39. Kc2 Re3 40.
Qd4 Qxd4 41. Bxd4 Rxa3 42. Rxg5 hxg5 43. d6 g4 44. Bd5+ Kh7 45. d7 Kg6 46. Re1
Rd8 47. Re7 Ra6 48. Rxg7+ Kh6 49. c5 1-0

[Event "4NCL Division 1a"]
[Site "Hinckley Island ENG"]
[Date "2013.11.16"]
[Round "1.131"]
[White "Buchicchio, Giampaolo"]
[Black "Gormally, Daniel W"]
[Result "1/2-1/2"]
[WhiteElo "2316"]
[BlackElo "2504"]
[PlyCount "31"]
[EventDate "2013.11.16"]
[WhiteTeam "Barbican 4NCL 2"]
[BlackTeam "Blackthorne Russia"]

1. e4 c5 2. c3 d6 3. d4 Nf6 4. dxc5 Nc6 5. f3 d5 6. exd5 Qxd5 7. Qxd5 Nxd5 8.
Bc4 e6 9. Bxd5 exd5 10. Be3 Ne5 11. b3 Nd3+ 12. Kd2 Nxc5 13. Na3 Be6 14. Nc2
Kd7 15. Ne2 Bd6 16. Rad1 1/2-1/2

[Event "4NCL Division 1a"]
[Site "Hinckley Island ENG"]
[Date "2013.11.16"]
[Round "1.132"]
[White "Hunt, Harriet V"]
[Black "Griffiths, Ryan Rhys"]
[Result "1/2-1/2"]
[WhiteElo "2449"]
[BlackElo "2344"]
[PlyCount "175"]
[EventDate "2013.11.16"]
[WhiteTeam "Blackthorne Russia"]
[BlackTeam "Barbican 4NCL 2"]

1. e4 e5 2. Nf3 Nf6 3. d4 Nxe4 4. Bd3 d5 5. Nxe5 Nd7 6. Nxd7 Bxd7 7. O-O Bd6 8.
Qh5 Nf6 9. Re1+ Be7 10. Qe2 Bg4 11. f3 Be6 12. f4 g6 13. Nd2 O-O 14. Qf2 Ng4
15. Qf3 Nh6 16. Nb3 Qd7 17. Bd2 b6 18. a4 a5 19. h3 Nf5 20. g4 Nh4 21. Qg3 Kh8
22. Kh1 Qd6 23. Re5 c5 24. Bf1 Bf6 25. Be1 Qd8 26. Rd1 cxd4 27. Nxd4 Bxe5 28.
fxe5 g5 29. Qe3 Ng6 30. Bg3 Rc8 31. Bg2 Rg8 32. c3 Nf4 33. Rf1 Nxg2 34. Kxg2
Rg6 35. Kh2 Kg8 36. Nf5 Rc4 37. b3 Rc6 38. Rf3 Rc8 39. Qd4 Qd7 40. Nd6 Rc6 41.
Nf5 h5 42. Be1 hxg4 43. hxg4 Bxf5 44. Rxf5 Qe7 45. Qxd5 Rc5 46. Qa8+ Kh7 47.
Qf3 Kg8 48. Bg3 Qd7 49. c4 Rc8 50. Bf2 Re8 51. Kg2 Ree6 52. Qd5 Qe7 53. Be3 Rc6
54. Qd2 Qb7 55. Kg3 Rc8 56. Rxg5 Qe4 57. Rxg6+ Qxg6 58. Qd7 Rc6 59. Qf5 Kf8 60.
Kf3 Re6 61. Ke4 Ke7 62. Bg5+ Kd7 63. Kd5 Qg8 64. Be3 Qa8+ 65. Kd4 Ke8 66. Qh7
Qd8+ 67. Kc3 Rg6 68. Qh8+ Kd7 69. Qh3 Qe7 70. g5+ Kc7 71. Qg3 Re6 72. Bd4 Kb7
73. Qf3+ Kb8 74. Qf5 Rg6 75. Be3 Qb4+ 76. Kc2 Qe7 77. Qe4 Qe6 78. Qd5 Kc7 79.
Kc3 Qe7 80. Qb5 Rc6 81. Qd5 Qe6 82. Kd3 Qf5+ 83. Kd4 Qf1 84. Kc3 Qa1+ 85. Kc2
Qa2+ 86. Kc3 Qa1+ 87. Kc2 Qa2+ 88. Kc3 1/2-1/2

[Event "4NCL Division 1a"]
[Site "Hinckley Island ENG"]
[Date "2013.11.16"]
[Round "1.133"]
[White "Chapman, Terry PD"]
[Black "Hunt, Adam C"]
[Result "1/2-1/2"]
[WhiteElo "2312"]
[BlackElo "2429"]
[PlyCount "88"]
[EventDate "2013.11.16"]
[WhiteTeam "Barbican 4NCL 2"]
[BlackTeam "Blackthorne Russia"]

1. Nf3 Nf6 2. c4 g6 3. d4 Bg7 4. g3 O-O 5. Bg2 d6 6. O-O Nc6 7. Nc3 Rb8 8. d5
Na5 9. b3 c5 10. dxc6 bxc6 11. Bd2 e5 12. Be3 Qc7 13. h3 Bf5 14. Rc1 Rfd8 15.
g4 Be6 16. Qd2 c5 17. Bg5 Nc6 18. Nh2 Ne7 19. f4 h6 20. Bxf6 Bxf6 21. f5 Bg5
22. Qc2 Bxc1 23. Qxc1 Kg7 24. f6+ Kh7 25. fxe7 Qxe7 26. Qc2 Rf8 27. Nd5 Bxd5
28. Bxd5 a5 29. Rf3 f5 30. Kh1 e4 31. Rf1 Qe5 32. gxf5 gxf5 33. Qd2 a4 34. Qe3
axb3 35. axb3 Rf6 36. Rg1 Rg6 37. Rxg6 Kxg6 38. Nf1 Kh7 39. Ng3 Kg6 40. Nh5
Kxh5 41. Bf7+ Kh4 42. Qxh6+ Kg3 43. Qe3+ Kh4 44. Qh6+ Kg3 1/2-1/2

[Event "4NCL Division 1a"]
[Site "Hinckley Island ENG"]
[Date "2013.11.16"]
[Round "1.134"]
[White "Ansell, Simon T"]
[Black "Knott, Simon JB"]
[Result "0-1"]
[WhiteElo "2382"]
[BlackElo "2309"]
[PlyCount "46"]
[EventDate "2013.11.16"]
[WhiteTeam "Blackthorne Russia"]
[BlackTeam "Barbican 4NCL 2"]

1. e4 e6 2. Qe2 c5 3. Nf3 Nc6 4. g3 Be7 5. Bg2 d5 6. d3 Nf6 7. O-O O-O 8. e5
Ne8 9. c4 Nc7 10. Nc3 a6 11. h4 b5 12. Bf4 Bb7 13. Rac1 Rc8 14. b3 Ba8 15. Rfe1
Re8 16. h5 h6 17. Qd1 Bf8 18. g4 Be7 19. Kh2 Nd4 20. Rg1 Nxf3+ 21. Bxf3 Bg5 22.
Qd2 b4 23. Bxg5 bxc3 0-1

[Event "4NCL Division 1a"]
[Site "Hinckley Island ENG"]
[Date "2013.11.16"]
[Round "1.135"]
[White "Rogers, Jonathan W"]
[Black "Bates, Richard A"]
[Result "1/2-1/2"]
[WhiteElo "2307"]
[BlackElo "2336"]
[PlyCount "33"]
[EventDate "2013.11.16"]
[WhiteTeam "Barbican 4NCL 2"]
[BlackTeam "Blackthorne Russia"]

1. d4 Nf6 2. c4 g6 3. Nc3 Bg7 4. e4 d6 5. f4 c5 6. Nf3 cxd4 7. Nxd4 O-O 8. Be2
Nc6 9. Nc2 a6 10. O-O Bd7 11. Be3 Rc8 12. Qd2 b5 13. cxb5 axb5 14. Bxb5 Na5 15.
Be2 Nc4 16. Bxc4 Rxc4 17. Qd3 1/2-1/2

[Event "4NCL Division 1a"]
[Site "Hinckley Island ENG"]
[Date "2013.11.16"]
[Round "1.136"]
[White "Ledger, Stephen C"]
[Black "Sanders, Isaac B"]
[Result "0-1"]
[WhiteElo "2080"]
[BlackElo "2269"]
[PlyCount "132"]
[EventDate "2013.11.16"]
[WhiteTeam "Blackthorne Russia"]
[BlackTeam "Barbican 4NCL 2"]

1. d4 d5 2. Nf3 Nf6 3. Bg5 Ne4 4. Bf4 Nd7 5. e3 Ndf6 6. Bd3 Bg4 7. h3 Bh5 8. c3
e6 9. Qb3 Qc8 10. Nbd2 Bg6 11. Qc2 Nxd2 12. Nxd2 Be7 13. O-O O-O 14. Bxg6 hxg6
15. Bg5 c5 16. Rac1 Re8 17. Nf3 Bf8 18. Ne5 Nd7 19. Nxd7 Qxd7 20. Rfd1 Rac8 21.
e4 cxd4 22. Rxd4 Bc5 23. Rdd1 Qc6 24. exd5 exd5 25. Qd2 Re5 26. Re1 Rf5 27. Be3
Bd6 28. Rcd1 Rd8 29. Qe2 Re8 30. Rd3 Bb8 31. Qd1 Qd6 32. g3 Re4 33. Bd4 Rh5 34.
Kg2 Qe6 35. Rh1 Rf5 36. Rf3 Re2 37. Rxf5 gxf5 38. Qd3 f4 39. Be3 Rxb2 40. Bxf4
Bxf4 41. gxf4 Rxa2 42. f5 Qc6 43. Re1 d4+ 44. Kg1 Qxc3 45. Re8+ Kh7 46. Qe4
Qc1+ 47. Kg2 Qc6 48. Qxc6 bxc6 49. Rc8 Rc2 50. Rc7 f6 51. Rxa7 c5 52. Rd7 Rc3
53. h4 d3 54. Kf3 c4 55. Ke3 Rc2 56. f4 Kg8 57. h5 Kh7 58. Rd8 Re2+ 59. Kd4 Re8
60. Rd5 Rc8 61. Kc3 Kh6 62. Rd7 Rc6 63. Ra7 Rd6 64. Ra1 d2 65. Rd1 Kxh5 66.
Kxc4 Kg4 0-1

[Event "4NCL Division 1a"]
[Site "Hinckley Island ENG"]
[Date "2013.11.16"]
[Round "1.137"]
[White "Dorrington, Chris J"]
[Black "Webb, Laurence E"]
[Result "1-0"]
[WhiteElo "2315"]
[BlackElo "2276"]
[PlyCount "81"]
[EventDate "2013.11.16"]
[WhiteTeam "Barbican 4NCL 2"]
[BlackTeam "Blackthorne Russia"]

1. d4 Nf6 2. c4 e6 3. Nf3 Bb4+ 4. Nbd2 O-O 5. a3 Be7 6. e4 d5 7. Bd3 dxe4 8.
Nxe4 Nxe4 9. Bxe4 Nd7 10. O-O c5 11. Bc2 cxd4 12. Nxd4 Bf6 13. Be3 Ne5 14. Qe2
Bd7 15. Be4 Qc7 16. Rac1 Nc6 17. Nb5 Qe5 18. Bxh7+ Kxh7 19. Qd3+ Qf5 20. Qxd7
Bxb2 21. Rb1 Ne5 22. Qc7 Rfc8 23. Qxb7 Rab8 24. Qa6 Nxc4 25. Nxa7 Rc7 26. Nc6
Rb5 27. Nd4 Bxd4 28. Rxb5 Qd3 29. Rh5+ Kg6 30. Rh3 Ra7 31. Qb5 Ra5 32. Rg3+ Kh7
33. Bxd4 Qxd4 34. Qb1+ f5 35. Qd1 Qxd1 36. Rxd1 Ra7 37. Rc3 Nxa3 38. Rc6 e5 39.
Rc5 Re7 40. Ra1 Rd7 41. g4 1-0

[Event "4NCL Division 1a"]
[Site "Hinckley Island ENG"]
[Date "2013.11.16"]
[Round "1.138"]
[White "Ledger, Dave J"]
[Black "Keen, Cosima C"]
[Result "1/2-1/2"]
[WhiteElo "2262"]
[BlackElo "1745"]
[PlyCount "107"]
[EventDate "2013.11.16"]
[WhiteTeam "Blackthorne Russia"]
[BlackTeam "Barbican 4NCL 2"]

1. e4 c6 2. d4 d5 3. e5 Bf5 4. Nf3 e6 5. Nbd2 Bg6 6. Nb3 Nd7 7. Be2 h6 8. O-O
Ne7 9. a4 Nf5 10. Bd2 Be7 11. a5 a6 12. Ne1 c5 13. dxc5 Nxe5 14. Bc3 Bf6 15.
Nd4 Qc7 16. Nxf5 Bxf5 17. Bd4 O-O 18. b4 Qd8 19. c3 Nc6 20. Nf3 Be4 21. Qd2
Bxf3 22. Bxf6 Qxf6 23. Bxf3 d4 24. Bxc6 dxc3 25. Qd7 bxc6 26. Qxc6 Qd4 27. Qa4
Rab8 28. Rab1 Rb5 29. Qa3 Rfb8 30. Rbc1 Rxb4 31. Qxc3 Qxc3 32. Rxc3 Rb3 33.
Rxb3 Rxb3 34. Rc1 Rb7 35. Kf1 Kf8 36. Ke2 Ke8 37. Kd3 Kd8 38. Kc4 Kc8 39. Rc3
Rb5 40. Rf3 f5 41. Rd3 Rxa5 42. Rd6 Ra4+ 43. Kd3 e5 44. Re6 Rd4+ 45. Kc3 Rd5
46. Rxa6 Rxc5+ 47. Kd3 Kd8 48. Rg6 Rc7 49. g4 fxg4 50. Ke4 Rf7 51. Rxg4 Rxf2
52. Rxg7 Rxh2 53. Kxe5 Re2+ 54. Kf4 1/2-1/2